TALES FROM INDIAN CLASSICS (Record no. 96850)

MARC details
000 -LEADER
fixed length control field 00460nam a2200181Ia 4500
008 - FIXED-LENGTH DATA ELEMENTS--GENERAL INFORMATION
fixed length control field 090124s9999 xx 000 0 und d
082 ## - DEWEY DECIMAL CLASSIFICATION NUMBER
Item number 22103
100 ## - MAIN ENTRY--PERSONAL NAME
Personal name CHATERJEE SAVITRI
245 ## - TITLE STATEMENT
Title TALES FROM INDIAN CLASSICS
250 ## - EDITION STATEMENT
Edition statement 0
260 ## - PUBLICATION, DISTRIBUTION, ETC. (IMPRINT)
Name of publisher, distributor, etc CHILDREN'S BOOK
Date of publication, distribution, etc 1971
300 ## - PHYSICAL DESCRIPTION
Extent 58
600 ## - SUBJECT ADDED ENTRY--PERSONAL NAME
Personal name CHATERJEE SAVITRI
630 ## - SUBJECT ADDED ENTRY--UNIFORM TITLE
Uniform title TALES FROM INDIAN CLASSICS
700 ## - ADDED ENTRY--PERSONAL NAME
Personal name CHATERJEE SAVITRI
730 ## - ADDED ENTRY--UNIFORM TITLE
Uniform title TALES FROM INDIAN CLASSICS
942 ## - ADDED ENTRY ELEMENTS (KOHA)
Koha item type Book
Holdings
Withdrawn status Lost status Damaged status Not for loan Home library Current library Date acquired Cost, normal purchase price Total Checkouts Full call number Barcode Date last seen Cost, replacement price Price effective from Koha item type
        Nagar Wachan Mandir, Thane Nagar Wachan Mandir, Thane   10.75   22103 THNNWM-22103 01/24/2009 10.75 01/24/2009 Book